Eastern Utah Libraries Catalog: Duchesne, Heber, Roosevelt, & Vernal

Zeus and the skeleton army / (Record no. 375705)

MARC details
000 -LEADER
fixed length control field 02730nam a2200601 i 4500
001 - CONTROL NUMBER
control field 3191616
005 - DATE AND TIME OF LATEST TRANSACTION
control field 20220720180717.0
008 - FIXED-LENGTH DATA ELEMENTS--GENERAL INFORMATION
fixed length control field 210910s2021 nyua c 000 1 eng d
010 ## - LIBRARY OF CONGRESS CONTROL NUMBER
LC control number 2021936034
020 ## - INTERNATIONAL STANDARD BOOK NUMBER
International Standard Book Number 9781534432987 :
Terms of availability $17.99
020 ## - INTERNATIONAL STANDARD BOOK NUMBER
International Standard Book Number 1534432981 :
Terms of availability $17.99
020 ## - INTERNATIONAL STANDARD BOOK NUMBER
International Standard Book Number 9781534432970
020 ## - INTERNATIONAL STANDARD BOOK NUMBER
Cancelled/invalid ISBN 9781534432994
035 ## - SYSTEM CONTROL NUMBER
System control number (OCoLC)1237343992
035 ## - SYSTEM CONTROL NUMBER
System control number (OCoLC)on1237343992
035 ## - SYSTEM CONTROL NUMBER
System control number 3133217
040 ## - CATALOGING SOURCE
Original cataloging agency PABRO
Language of cataloging eng
Description conventions rda
Transcribing agency PABRO
050 #4 - LIBRARY OF CONGRESS CALL NUMBER
Classification number PZ7.W51937
Item number Zeu 2021
082 04 - DEWEY DECIMAL CLASSIFICATION NUMBER
Classification number [Fic]
Edition number 23
092 ## - LOCALLY ASSIGNED DEWEY CALL NUMBER (OCLC)
Classification number junior fiction
Item number Holub
100 1# - MAIN ENTRY--PERSONAL NAME
Personal name Holub, Joan.
Relator term author.
9 (RLIN) 29539
245 10 - TITLE STATEMENT
Title Zeus and the skeleton army /
Statement of responsibility, etc Tracey West ; created by Joan Holub and Suzanne Williams ; illustrations by Craig Phillips.
264 #1 - Production, Publication, Distribution, Manufacture, and Copyright Notice.
Place of production, publication, distribution, manufacture New York :
Name of producer, publisher, distributor, manufacturer Aladdin,
Date of production, publication, distribution, manufacture, or copyr [2021]
300 ## - PHYSICAL DESCRIPTION
Extent 92 pages :
Other physical details illustrations ;
Dimensions 22 cm.
336 ## - Content Type
Content type term text
337 ## - Media type
Media type term unmediated
338 ## - Carrier type
Carrier type term volume
490 1# - SERIES STATEMENT
Series statement Heroes in training ;
Volume number/sequential designation #18
520 ## - SUMMARY, ETC.
Summary, etc Zeus and his fellow gods-in-training attempt to capture the king of hell's hound in this latest Heroes in Training chapter book! Zeus and his fellow gods-in-training face a new challenge in the underworld when they attempt to capture Cerberus-the three-headed guardian and cherished pet of Zeus's brother Hades. But they find themselves up against even more than they anticipated when they have to face off against Melinoe and her skeletal minions.
521 1# - TARGET AUDIENCE NOTE
Target audience note 7-10
Source Brodart.
521 2# - TARGET AUDIENCE NOTE
Target audience note 2-5
Source Brodart.
600 00 - SUBJECT ADDED ENTRY--PERSONAL NAME
Personal name Zeus
Titles and other words associated with a name (Greek deity)
Form subdivision Juvenile fiction.
9 (RLIN) 6443865
600 01 - SUBJECT ADDED ENTRY--PERSONAL NAME
Personal name Zeus
Titles and other words associated with a name (Greek deity)
Form subdivision Fiction.
9 (RLIN) 6452079
650 #1 - SUBJECT ADDED ENTRY--TOPICAL TERM
Topical term or geographic name as entry element Fantasy.
650 #0 - SUBJECT ADDED ENTRY--TOPICAL TERM
Topical term or geographic name as entry element Mythology, Greek
Form subdivision Juvenile fiction.
9 (RLIN) 5695196
650 #0 - SUBJECT ADDED ENTRY--TOPICAL TERM
Topical term or geographic name as entry element Skeletons
Form subdivision Juvenile fiction.
9 (RLIN) 6452080
650 #1 - SUBJECT ADDED ENTRY--TOPICAL TERM
Topical term or geographic name as entry element Mythology, Greek
Form subdivision Fiction.
9 (RLIN) 5674365
650 #1 - SUBJECT ADDED ENTRY--TOPICAL TERM
Topical term or geographic name as entry element Skeletons
Form subdivision Fiction.
9 (RLIN) 6452081
650 #7 - SUBJECT ADDED ENTRY--TOPICAL TERM
Topical term or geographic name as entry element JUVENILE FICTION / Legends, Myths, Fables / Greek & Roman.
Source of heading or term bisacsh
9 (RLIN) 5683752
650 #7 - SUBJECT ADDED ENTRY--TOPICAL TERM
Topical term or geographic name as entry element JUVENILE FICTION / Action & Adventure / General.
Source of heading or term bisacsh
9 (RLIN) 5675719
650 #7 - SUBJECT ADDED ENTRY--TOPICAL TERM
Topical term or geographic name as entry element JUVENILE FICTION / Boys & Men.
Source of heading or term bisacsh
9 (RLIN) 5675429
655 #7 - INDEX TERM--GENRE/FORM
Genre/form data or focus term Fantasy fiction.
Source of term lcgft
655 #0 - INDEX TERM--GENRE/FORM
Genre/form data or focus term Fantasy fiction.
655 #7 - INDEX TERM--GENRE/FORM
Genre/form data or focus term Fantasy fiction.
Source of term gsafd
700 1# - ADDED ENTRY--PERSONAL NAME
Personal name Phillips, Craig,
Relator term illustrator.
9 (RLIN) 5696064
830 #0 - SERIES ADDED ENTRY--UNIFORM TITLE
Uniform title Heroes in training ;
Volume number/sequential designation #18.
9 (RLIN) 5959636
942 ## - ADDED ENTRY ELEMENTS (KOHA)
Source of classification or shelving scheme Dewey Decimal Classification
Koha item type BOOK
Holdings
Withdrawn status Lost status Source of classification or shelving scheme Damaged status Not for loan Collection code Home library Current library Shelving location Date acquired Source of acquisition Serial Enumeration / chronology Total Checkouts Total Renewals Full call number Barcode Date last seen Date checked out Cost, replacement price Price effective from Koha item type
    Dewey Decimal Classification     Junior Fiction Wasatch County Library Wasatch County Library Main Floor Junior Area 07/20/2022 Amazon #18 Heroes in Training 4 5 J Holub 34301001848342 12/09/2025 09/16/2025 17.99 07/20/2022 BOOK
This project was made possible through a grant from the Institute of Museum and Library Service administered by the Utah State Library Division.

Wasatch County Library

  • 465 East 1200 South, Heber City, Utah 84032
  • Phone 435-654-1511 | Fax 435-654-6456

Hours

  • Monday - Friday 9:30 AM - 8:00 PM
  • Saturday 9:30 AM - 1:30 PM
  • Closed Sundays and Holidays